000 00431nam a22001457a 4500
082 _a516
_bRAJ
_cL-21, p-21
100 _aRajaraman,S.
_939385
245 _aProblems in strength of materials and theory of structures
_cRajaraman,S.
250 _a5th
260 _aTrivandrum
_bSt. Joseph's Press
_c1949
300 _a228 p. :
_bill, ;
_c20 cm.
526 _a0
_b0
_c0
_d516_000000000000000_RAJ
650 _aMCE
_9379
942 _2ddc
_cBK
999 _c543885
_d543885